| 000 | 00447nam a22001577a 4500 | ||
|---|---|---|---|
| 999 |
_c18059 _d18059 |
||
| 003 | OSt | ||
| 005 | 20230331152956.0 | ||
| 008 | 230331b ||||| |||| 00| 0 eng d | ||
| 040 | _c0 | ||
| 100 |
_aGumba, Roberto Jr. A. _948331 |
||
| 245 |
_aGroup : _cRoberto A. Gumba Jr. _bRice Farmers income drops to 75%-85% / |
||
| 260 |
_aPhilippines : _bSunStar, _cFebruary 26, 2020. |
||
| 300 | _a1 page. | ||
| 650 |
_aBusiness. _948341 |
||
| 942 |
_2ddc _cPER |
||